Webster's New World Dictionary of American English / (Record no. 617301)
[ view plain ]
| 000 -LEADER | |
|---|---|
| fixed length control field | 00514nam a22001457a 4500 |
| 020 ## - INTERNATIONAL STANDARD BOOK NUMBER | |
| Qualifying information | HB. |
| 040 ## - CATALOGING SOURCE | |
| Transcribing agency | FIZZA ISHAQ |
| 082 ## - DEWEY DECIMAL CLASSIFICATION NUMBER | |
| Classification number | 423 |
| Author Mark | NEU |
| 100 ## - MAIN ENTRY--PERSONAL NAME | |
| Personal name | DAVID B. GURALNIK , VICTORIA NEUFELDT - |
| 9 (RLIN) | 134325 |
| 245 ## - TITLE STATEMENT | |
| Title | Webster's New World Dictionary of American English / |
| Statement of responsibility, etc. | VICTORIA NEUFELDT , DAVID B. GURALNIK. |
| 250 ## - EDITION STATEMENT | |
| Edition statement | Third College Edition. |
| 260 ## - PUBLICATION, DISTRIBUTION, ETC. | |
| Place of publication, distribution, etc. | New York : |
| Name of publisher, distributor, etc. | Webster's New World : Distributed by Prentice Hall Trade, |
| Date of publication, distribution, etc. | 1988. |
| 300 ## - PHYSICAL DESCRIPTION | |
| Extent | : xxvi, 1588 p. : ill. ; |
| Dimensions | 25 cm |
| 942 ## - ADDED ENTRY ELEMENTS (KOHA) | |
| Source of classification or shelving scheme | |
| Koha item type | Book |
| Withdrawn status | Lost status | Source of classification or shelving scheme | Damaged status | Not for loan | Permanent Location | Current Location | Shelving location | Date acquired | Total Checkouts | Full call number | Barcode | Date last seen | Price effective from | Koha item type |
|---|---|---|---|---|---|---|---|---|---|---|---|---|---|---|
| NUST Baluchistan Campus (NBC) | NUST Baluchistan Campus (NBC) | Dictionaries | 05/05/2026 | 423 NEU | QD-197 | 05/05/2026 | 05/05/2026 | Book |
